Project monitoring for real estate lending, Canada (Record no. 115679)

MARC details
000 -LEADER
fixed length control field 01437cad a22003135a 4500
001 - CONTROL NUMBER
control field L159108
005 - DATE AND TIME OF LATEST TRANSACTION
control field 20260212111125.0
008 - FIXED-LENGTH DATA ELEMENTS--GENERAL INFORMATION
fixed length control field 130206s2016 xxk f 000 0 eng d
020 ## - INTERNATIONAL STANDARD BOOK NUMBER
International Standard Book Number 9781783211210
035 ## - SYSTEM CONTROL NUMBER
System control number (Sirsi) u159108
041 0# - LANGUAGE CODE
Language code of text/sound track or separate title eng
050 04 - LIBRARY OF CONGRESS CALL NUMBER
Classification number 658.404
110 2# - MAIN ENTRY--CORPORATE NAME
Corporate name or jurisdiction name as entry element Royal Institution of Chartered Surveyors
9 (RLIN) 4900
245 ## - TITLE STATEMENT
Title Project monitoring for real estate lending, Canada
Remainder of title Joint guidance note from the Canadian Institute of Quantity Surveyors and RICS
Medium [electronic resource]
260 ## - PUBLICATION, DISTRIBUTION, ETC.
Place of publication, distribution, etc. London
Name of publisher, distributor, etc. RICS
Date of publication, distribution, etc. 2016
300 ## - PHYSICAL DESCRIPTION
Extent 17p.
490 #0 - SERIES STATEMENT
Series statement RICS Guidance Note
520 ## - SUMMARY, ETC.
Summary, etc. Provides advice to construction professionals who are RICS members engaged in the practice of project monitoring. The aim of the guidance is to ensure the development of a genuine benchmark for the Canadian industry.
590 ## - LOCAL NOTE (RLIN)
Local note KA
650 24 - SUBJECT ADDED ENTRY--TOPICAL TERM
Topical term or geographic name entry element PROJECT MONITORING
650 24 - SUBJECT ADDED ENTRY--TOPICAL TERM
Topical term or geographic name entry element LENDING
650 24 - SUBJECT ADDED ENTRY--TOPICAL TERM
Topical term or geographic name entry element TERMS OF ENGAGEMENT
651 #4 - SUBJECT ADDED ENTRY--GEOGRAPHIC NAME
Geographic name Canada
690 ## - LOCAL SUBJECT ADDED ENTRY--TOPICAL TERM (OCLC, RLIN)
Topical term or geographic name as entry element Project management
9 (RLIN) 6261
710 ## - ADDED ENTRY--CORPORATE NAME
Corporate name or jurisdiction name as entry element Canadian Institute of Quantity Surveyors
9 (RLIN) 1896
856 40 - ELECTRONIC LOCATION AND ACCESS
Uniform Resource Identifier <a href="https://www.isurv.com/downloads/download/2033/project_monitoring_for_real_estate_lending_canada">https://www.isurv.com/downloads/download/2033/project_monitoring_for_real_estate_lending_canada</a>
Public note Available on iSurv (subscription required)
856 40 - ELECTRONIC LOCATION AND ACCESS
Uniform Resource Identifier <a href="https://www.rics.org/profession-standards/rics-standards-and-guidance/sector-standards/construction-standards/project-monitoring-real-estate-lending-canada">https://www.rics.org/profession-standards/rics-standards-and-guidance/sector-standards/construction-standards/project-monitoring-real-estate-lending-canada</a>
Public note Available on RICS.org
942 ## - ADDED ENTRY ELEMENTS (KOHA)
Suppress in OPAC 0
Source of classification or shelving scheme Dewey Decimal Classification
Holdings
Withdrawn status Lost status Source of classification or shelving scheme Damaged status Not for loan Home library Current library Shelving location Date acquired Total Checkouts Full call number Barcode Date last seen Copy number Price effective from Koha item type
    Dewey Decimal Classification     Virtual Virtual Online 29/01/2016   iSurv 159108-2001 28/04/2023 1 06/08/2019 Book